000 00622cam a2200193 4500
001 WS124022
008 031024n 000 0 eng u
035 _a(Sirsi) u124022
245 _aAthens 2004
520 _aWeb site for the 2004 Olympic Games in Athens including pages on the Paralympic Games, visitor information and details of events.
650 _aOLYMPIC GAMES
650 _aPARALYMPIC GAMES
650 _aSPORT
650 _aATHENS
650 _aGREECE
690 _aLEISURE AND RECREATION
856 4 0 _uhttps://www.athens2004.com
_zView the website free of charge at www.athens2004.com...
942 _n0
999 _c120348
_d120348